[Event "Romanian-ch Women 2022"]
[Site "Eforie Nord"]
[Date "2022.02.27"]
[Round "9.4"]
[White "Ionescu, Irina"]
[Black "Bulmaga, Irina"]
[Result "1/2-1/2"]
[WhiteElo "2131"]
[BlackElo "2390"]
[Annotator "TA"]
[PlyCount "131"]
[EventDate "2022.02.20"]
[EventType "swiss"]
[EventCountry "ROU"]
[SourceTitle "playchess.com"]
[Source "ChessBase"]
[SourceQuality "1"]

{[%evp 10,131,41,18,31,0,0,0,0,0,31,30,21,0,-5,-17,-6,-63,-58,-59,-36,-63,-63,-52,18,28,41,34,59,60,60,-15,0,0,18,14,30,0,16,10,0,0,8,13,19,0,8,0,92,36,82,25,34,0,0,0,0,0,0,0,6,6,17,0,0,0,0,0,0,0,0,0,0,0,0,0,0,0,0,0,0,0,0,0,0,0,0,0,0,0,0,0,0,0,0,0,0,0,0,0,0,0,0,0,0,0,0,0,0,0,0,0,0,0,0,0,0,0,0,0,0,0,0,0]} 1. e4 e5 2. Nf3 Nc6 3. Bc4 Nf6 4. d3 {[%cal Bd2d3,Bd3d4][%mdl 32]} h6 5. O-O d6 6. c3 g5 $1 {[%cal Bg7g5,Bg5g4][%mdl 4] is now more promising than 6...g6. C55: Two Knights: 4 d3, 4 d4 exd4 5 e5 and Max Lange Attack.} 7. d4 g4 8. Ne1 Nxe4 9. f3 d5 10. Bb5 gxf3 {[#]} 11. Qxf3 $146 {[%csl Gf1][%cal Rf3f7] [#]} (11. Bxc6+ bxc6 12. Nxf3 Bg7) ({Predecessor:} 11. Nxf3 Bg7 12. Nxe5 Bxe5 13. dxe5 Be6 14. Nd2 Nxd2 15. Bxd2 Qd7 16. Be3 a6 17. Qa4 {1-0 (27) Fitzsimons,D (2325)-Collins,S (2452) Dublin 2018}) 11... Be6 12. dxe5 Qd7 13. Nd3 (13. Nd2 $11) 13... O-O-O $15 14. Nd2 a6 15. Ba4 Rg8 {And now ...Bh3 would win.} 16. Kh1 b5 ({Black should play} 16... Be7 $15) 17. Bc2 $11 Be7 18. Nb3 ({Don't go for} 18. Nxe4 $2 dxe4 19. Qxe4 Bd5 $19) 18... Bg4 19. Qe3 ({Wrong is} 19. Qxf7 $2 Rdf8 20. Qxf8+ Bxf8 $19) 19... Bg5 20. Qg1 (20. Qe1 $14) 20... Bxc1 21. Raxc1 {Black must now prevent Ndc5.} Rg5 {[%cal Oe4g3]} (21... Be2 $5 {[%cal Re2f1]}) 22. Qe3 {[%cal Oa2a4] Prevents Ng3+.} Rdg8 23. Nbc5 (23. a4 {with more complications.} bxa4 24. Nbc5 Nxc5 25. Nxc5 Qe7 26. Bh7) 23... Nxc5 24. Nxc5 Qe7 25. Nxa6 Qxe5 26. Qxe5 Nxe5 27. Rce1 Be6 28. Nc5 R8g7 (28... Rxg2 $2 29. Bh7 Nc4 30. Bxg8 Rxg8 31. Nxe6 fxe6 32. Rxe6 $18) (28... Nd7 $11 {remains equal.} 29. Nxd7 (29. Nxe6 fxe6 30. Rxe6 Rxg2 $11) 29... Kxd7) 29. Re2 (29. g3 $16) 29... Bg4 {[#]} (29... Nd7 $14 {should be considered.} 30. Nd3 (30. Nxe6 fxe6 31. a4 bxa4 $14) 30... Bf5) 30. Ref2 {White is more active.} (30. Bf5+ $1 $16 Bxf5 31. Rxe5) 30... c6 $1 31. Bf5+ Bxf5 {The position is equal.} 32. Rxf5 Kc7 33. g3 Rxf5 34. Rxf5 {[%mdl 4096] Endgame KRN-KRN} Ng4 35. Nd3 Kd7 36. Rf4 {[%cal Of4g4] Strongly threatening Rxg4!} Ke6 37. Kg2 f5 38. a4 bxa4 39. Rxa4 Kd6 40. Ra1 Re7 41. Re1 {Inhibits Re2+.} Re4 42. h3 Ne3+ 43. Kf2 Nc4 44. Re2 Ne5 45. Nxe5 Kxe5 {KR-KR} 46. Re3 c5 47. b4 cxb4 48. cxb4 {aiming for Rxe4+.} Kd4 49. Rf3 Re5 50. b5 Kc5 51. Rb3 Re6 52. g4 fxg4 53. hxg4 Rb6 54. Ke3 Kc4 55. Rb1 Kc5 56. Rc1+ Kd6 57. Rh1 Kc5 58. Rc1+ Kxb5 59. Kd4 {Rb1+ is the strong threat.} Rg6 60. Kxd5 Rxg4 61. Rb1+ Ka6 62. Rh1 Rg6 63. Ke5 Kb5 64. Kf5 Rd6 65. Kg4 Kc5 66. Rc1+ {Weighted Error Value: White=0.10 (very precise) /Black=0.09 (flawless)} 1/2-1/2

[Event "Romanian-ch Women 2022"]
[Site "Eforie Nord"]
[Date "2022.02.27"]
[Round "9.5"]
[White "Peptan, Corina-Isabela"]
[Black "Didiliuc, Dariana-Gabriela"]
[Result "1-0"]
[WhiteElo "2384"]
[BlackElo "1841"]
[Annotator "TA"]
[PlyCount "89"]
[EventDate "2022.02.20"]
[EventType "swiss"]
[EventCountry "ROU"]
[SourceTitle "playchess.com"]
[Source "ChessBase"]
[SourceQuality "1"]

{[%evp 20,89,20,-4,33,41,26,27,43,52,38,55,78,78,86,84,110,106,106,99,83,94,91,44,104,99,103,86,108,42,46,63,56,24,100,89,325,332,385,341,330,291,392,293,494,498,512,522,453,223,29991,29992,29992,29991,29993,29987,29987,29988,29988,29989,29989,11164,5389,910,893,889,885,862,860,845,928,906]} 1. d4 Nf6 2. c4 g6 3. g3 Bg7 4. Bg2 O-O 5. Nc3 d6 6. Nf3 Nbd7 7. O-O e5 8. h3 Re8 9. d5 a5 10. e4 Nc5 11. Ne1 Nh5 {E68: King's Indian: Fianchetto: 6...Nbd7 7 0-0 e5 8 e4.} 12. Be3 b6 {[#]} 13. Kh2 $146 ({Predecessor:} 13. a3 Bd7 14. b4 axb4 15. axb4 Rxa1 16. Qxa1 Nb3 17. Qd1 Nd4 18. Nc2 Nxc2 19. Qxc2 {1-0 (36) Baburin,A (2495)-Visser,Y (2370) Groningen 1995}) 13... Re7 {White has an edge.} 14. a3 {[%cal Ba2a3,Ba3b4][%mdl 32]} Qe8 15. b4 axb4 16. axb4 {[%mdl 64] Discovered Attack} Rxa1 17. Qxa1 Nb3 18. Qd1 Nd4 19. Nf3 $1 Nxf3+ 20. Bxf3 f5 21. exf5 {White is more active.} (21. Bxh5 $16 {Hoping for Bf3.} gxh5 22. Bg5) 21... Bxf5 (21... e4 $14 22. Bxh5 Bxc3) 22. Qd2 $16 {Strongly threatening g4.} Nf6 23. Bg2 Qa8 24. Qb2 ({Better is} 24. g4 $16 Bd7 25. c5) 24... Bd3 $14 {[%csl LRc4,LRf1]} 25. Ra1 {[%cal Bf1a1,Ba1a7,Ba7c7][%mdl 32]} Qb7 26. Qa2 Re8 (26... e4 $1 $11) 27. Nb5 $16 {[%cal Bc3b5,Bb5c7,Bc7e6][%mdl 32] Qb3 is the strong threat.} Rb8 $2 {This move loses the game for Black.} (27... e4 $16) 28. Qb3 $18 e4 {[%cal Of6g4]} 29. Ra7 Qc8 30. Nxc7 Nd7 31. Qa2 ({Less strong is} 31. Ne6 Bf6 32. Qa3 Ne5 $18) 31... Ne5 $2 (31... Rb7 {might work better.}) 32. Ne6 Bf6 33. Rc7 Qe8 34. Qa7 (34. Bd4 $142) 34... Nxc4 $2 {[#]} (34... Ra8 $18 35. Qb7 (35. Rg7+ Kh8 $16) 35... Rb8) 35. Rg7+ $1 {[%mdl 512]} Kh8 36. Rxh7+ Kg8 37. Rh6 {[%csl Gh6][%cal Ra7h7]} Be7 38. Bd4 Ne5 39. Bxe5 dxe5 40. d6 (40. Qc7 $142 Qf7 41. Qxb8+ Bf8 42. Nxf8 Qxf8 43. Rh8+ $3 {[%mdl 512]} Kxh8 44. Qxf8+ Kh7 45. d6) 40... Ra8 {White is clearly winning.} 41. Qxe7 (41. Qc7 $142 Qf7 42. dxe7 Qxe6 43. Qd8+ Kg7 44. Qxa8 Qxe7 45. Qh8+ Kf7 46. Rh7+ Ke6 47. Rxe7+ Kxe7 {[#]} 48. Bxe4 $1 {[%mdl 512]}) 41... Qxe7 42. dxe7 {Intending Nd8 and mate.} Re8 43. Rxg6+ Kf7 44. Rh6 Rxe7 45. Ng5+ {Weighted Error Value: White=0.24 (precise) /Black=0.63} 1-0

[Event "Romanian-ch Women 2022"]
[Site "Eforie Nord"]
[Date "2022.02.27"]
[Round "9.6"]
[White "Nikanova, Ekaterina"]
[Black "Cosma, Elena-Luminita"]
[Result "0-1"]
[WhiteElo "1935"]
[BlackElo "2281"]
[Annotator "TA"]
[PlyCount "60"]
[EventDate "2022.02.20"]
[EventType "swiss"]
[EventCountry "ROU"]
[SourceTitle "playchess.com"]
[Source "ChessBase"]
[SourceQuality "1"]

{[%evp 15,60,-13,21,22,34,-19,-18,-19,-13,-8,-16,-54,-62,-109,-29,-64,-62,-82,-4,-80,-72,-88,-82,-74,-64,-81,-89,-100,-108,-260,-256,-309,-296,-727,-300,-302,-295,-367,-353,-328,-338,-567,-551,-1902,-1799,-1406,-1306]} 1. e4 e6 2. d4 d5 3. Nc3 Bb4 4. e5 c5 5. Bd2 Ne7 6. Nb5 Bxd2+ 7. Qxd2 O-O 8. f4 cxd4 {8...b6 is the modern continuation.} 9. Nf3 {C17: French: 3 Nc3 Bb4 4 e5 c5 sidelines.} Bd7 10. Nd6 (10. Nbxd4 $14 Nbc6 11. O-O-O) 10... Nbc6 11. Bd3 {The position is equal.} f6 {White must now prevent ...fxe5.} 12. O-O Qb6 {[#]} 13. Qe1 $146 ({Predecessor:} 13. Rae1 h6 14. exf6 Rxf6 15. Ne5 Qc7 16. Ng4 Qxd6 17. Nxf6+ gxf6 18. f5 Nxf5 19. Bxf5 exf5 20. Qxh6 {0-1 (45) Chyzy,J (2291)-Vysochin,S (2512) Warsaw 2019}) 13... Nb4 $1 {[%cal Ob4c2]} 14. b3 {[#]} (14. Qe2 $15) 14... Rad8 (14... Nxc2 $1 $17 {[%mdl 512]} 15. Bxc2 d3+ 16. Qf2 dxc2) 15. Kh1 Nxd3 16. cxd3 {[#]} Ng6 (16... fxe5 $1 $17 17. fxe5 Nf5) 17. g3 (17. Qg3 $11) 17... fxe5 $17 18. fxe5 Bb5 19. Nxb5 Qxb5 20. Qe2 {[#]} Qb6 $1 21. Ng5 {[%cal Og5h7]} h6 $36 {[%mdl 2048] White is under strong pressure.} 22. Qh5 $2 {Loses the game.} Nxe5 $19 ({Stronger than} 22... hxg5 23. Qxg6 Qc6 24. Qxg5 $11) 23. Rxf8+ Rxf8 24. Re1 $2 (24. Qe2) 24... hxg5 (24... Nxd3 $142 25. Rxe6 Qc5) 25. Rxe5 {[%mdl 4096] Endgame KQR-KQR} Qc7 {( -> ...Qc1+)} 26. Qe2 {[#]} Rf2 $3 {[%mdl 512]} 27. Qxf2 Qxe5 28. Qc2 $2 (28. Kg2 {is the only way for White.}) 28... Qf5 {[%cal Rf5f1] Black is clearly winning.} 29. Qc8+ Kh7 {[%cal Rf5f1]} 30. Kg2 {Inhibits Qf1+.} Qxd3 {Weighted Error Value: White=0.96/Black=0.30} 0-1

[Event "Romanian-ch Women 2022"]
[Site "Eforie Nord"]
[Date "2022.02.27"]
[Round "9.7"]
[White "Baciu, Anca-Otilia"]
[Black "Dragomirescu, Angela"]
[Result "1/2-1/2"]
[WhiteElo "2014"]
[BlackElo "2167"]
[Annotator "TA"]
[PlyCount "99"]
[EventDate "2022.02.20"]
[EventType "swiss"]
[EventCountry "ROU"]
[SourceTitle "playchess.com"]
[Source "ChessBase"]
[SourceQuality "1"]

{[%evp 9,99,31,31,43,52,31,49,39,46,18,30,28,25,38,34,17,50,17,42,0,0,0,0,0,16,-14,0,0,0,0,-2,0,0,0,10,0,11,0,0,0,0,-12,0,-14,9,0,106,0,0,0,0,-156,-107,-107,-128,-121,29,35,19,0,0,0,0,0,0,0,20,0,0,0,0,0,0,0,0,0,0,0,542,0,12834,12835,12835,59,59,0,12830,0,73,0,7231,0]} 1. e4 g6 2. d4 Bg7 3. Nc3 c6 4. Be3 Qb6 5. b3 d6 6. Qd2 {[#] B06: Modern Defence.} Nd7 $146 ({Predecessor:} 6... Nf6 7. h3 Qa5 8. Nf3 O-O 9. Bd3 c5 10. Nd5 Qxd2+ 11. Kxd2 Nc6 12. Nxf6+ Bxf6 {½-½ (37) Marcelin,C (2495)-Tkachiev,V (2657) Le Port Marly 2009}) 7. Nf3 Qc7 8. a4 {White is slightly better.} Ngf6 9. h3 O-O 10. Bd3 b6 11. O-O Bb7 12. Rad1 a6 13. Rfe1 {[%cal Oe4e5]} e5 14. Bf1 (14. dxe5 $14 dxe5 15. Ne2) 14... Rfe8 $11 15. dxe5 dxe5 16. Bh6 b5 17. g4 {[%cal Bg2g4,Bg4g5][%mdl 32] Black must now prevent Bxg7.} Nf8 18. Bxg7 Kxg7 19. g5 {To avoid h6} Nh5 20. Qd6 Qxd6 21. Rxd6 Nf4 22. h4 h6 23. gxh6+ Kxh6 24. Red1 Kg7 25. Kh2 Re7 26. a5 c5 {[%cal Bc6c5,Bc5d4][%mdl 32]} 27. Kg3 Rae8 (27... Nh5+ $11 28. Kh2 Ne6) 28. Ng5 ({White should try} 28. Nd5 $16) 28... f6 29. Nf3 N8e6 30. Bh3 $2 ({Better is} 30. Nd5 $11) 30... Nd4 $1 $17 31. Nxd4 cxd4 32. Nd5 Nxd5 (32... Bxd5 $17 33. exd5 Rc7 34. Rd7+ Rxd7 35. Bxd7 Rd8) 33. exd5 $11 Rc7 34. h5 (34. Rd7+ $2 Rxd7 35. Bxd7 Rd8 $19) 34... Bc8 (34... Rc3+ 35. Rd3 Rc7 36. hxg6 $14) 35. h6+ Kxh6 36. Bxc8 Rcxc8 37. Rxf6 Rxc2 38. Rxa6 {[%mdl 4096] Endgame KRR-KRR} Rf8 39. Rh1+ Kg5 40. Re6 Rfxf2 {...Rfe2 is the strong threat.} 41. Rxe5+ Kf6 42. Re6+ Kf5 43. Rg1 {Hoping for Re8.} Ra2 $2 {[%mdl 8192]} (43... g5 $11 {and Black stays safe.} 44. Re8 Rf4 45. Rf8+ Ke5 46. Re1+ Kd6 47. Rxf4 gxf4+ 48. Kxf4 Kxd5) 44. a6 $2 (44. Re8 $18) 44... Rfc2 $2 {[%mdl 8192]} (44... g5 $11 45. Re7 Rf4 46. Rf7+ Ke5 47. Re1+ Kxd5) 45. Rf1+ $18 Kg5 46. Re5+ $2 ({Only move:} 46. d6 $1 $18 Rxa6 47. d7 $1 {[%mdl 512]} (47. Re5+ Kh6 $18)) 46... Kh6 $14 47. Re6 $2 {[%mdl 8192]} (47. Rh1+ $14 Kg7 48. d6 Rxa6 49. Re7+ Kf6 50. Rf1+ Kg5 51. Re5+ Kh6 52. Rh1+ Kg7 53. Re7+ Kf6 54. Rf1+ Kg5 55. Re5+ Kh6 56. Rh1+ Kg7) 47... Kg5 $18 48. Re5+ $2 (48. d6 $1 $18 Rxa6 49. d7 $1 {[%mdl 512]} (49. Re5+ Kh6 $18)) 48... Kh6 $16 49. Re6 $2 {[%mdl 8192]} (49. d6 $16 Rxa6 50. Rd5) 49... Kg5 $18 {[#]} 50. Re5+ $2 {Weighted Error Value: White=0.61/Black=0.38} ({White has to play} 50. d6 $1 $18 Rxa6 {[#]} 51. d7 $1 {[%mdl 512]} (51. Re5+ Kh6 $18)) 1/2-1/2

[Event "Romanian-ch Women 2022"]
[Site "Eforie Nord"]
[Date "2022.02.27"]
[Round "9.8"]
[White "Schiopu, Oana-Magdalena"]
[Black "Marin, Irina-Luiza"]
[Result "0-1"]
[WhiteElo "1534"]
[BlackElo "2058"]
[Annotator "NA"]
[PlyCount "94"]
[EventDate "2022.02.20"]
[EventType "swiss"]
[EventCountry "ROU"]
[SourceTitle "playchess.com"]
[Source "ChessBase"]
[SourceQuality "1"]
[TimeControl "40/5400+30:900+30"]

1. e4 {[%emt 1:31:00]} c6 {[%emt 1:31:00]} 2. d4 {[%emt 0:00:30]} d5 {[%emt 0:00:30]} 3. Nc3 {[%emt 0:00:30]} g6 {[%emt 0:00:30]} 4. Nf3 {[%emt 0:00:30]} Bg7 {[%emt 0:00:30]} 5. Bf4 {[%emt 0:00:30]} Bg4 {[%emt 0:00:30]} 6. e5 {[%emt 0:00:30]} Qb6 {[%emt 0:00:30]} 7. b3 {[%emt 0:00:30]} Bxf3 {[%emt 0:00:30]} 8. gxf3 {[%emt 0:00:30]} e6 {[%emt 0:00:30]} 9. Qd2 {[%emt 0:00:30]} Nd7 {[%emt 0:00:30]} 10. h4 {[%emt 0:00:30]} h5 {[%emt 0:00:30]} 11. Bg5 {[%emt 0:00:30]} Nh6 {[%emt 0:00:30]} 12. Bh3 {[%emt 0:00:30]} c5 {[%emt 0:00:30]} 13. Na4 {[%emt 0:00:30]} Qc7 {[%emt 0:00:30]} 14. c3 {[%emt 0:00:30]} cxd4 {[%emt 0:00:30]} 15. cxd4 {[%emt 0:00:30]} Nxe5 16. Ke2 {[%emt 0:00:30]} Nc6 {[%emt 0:01:00]} 17. Be3 {[%emt 0:00:30]} Rc8 {[%emt 0:00:30]} 18. Rac1 {[%emt 0:00:30]} Nf5 {[%emt 0:00:30]} 19. Bxf5 {[%emt 0:00:30]} exf5 {[%emt 0:00:30]} 20. Kf1 {[%emt 0:00:30]} O-O {[%emt 0:00:30]} 21. Kg2 {[%emt 0:00:30]} Qe7 {[%emt 0:00:30]} 22. Nc3 Qd7 {[%emt 0:00:30]} 23. Ne2 {[%emt 0:01:00]} Kh7 {[%emt 0:00:30]} 24. Rh3 {[%emt 0:00:30]} Ne7 {[%emt 0:00:30]} 25. Rhh1 {[%emt 0:00:30]} Rxc1 {[%emt 0:00:30]} 26. Rxc1 {[%emt 0:00:30]} Rc8 {[%emt 0:00:30]} 27. Rxc8 {[%emt 0:00:30]} Qxc8 28. Qb4 {[%emt 0:00:30]} Qd7 {[%emt 0:01:00]} 29. Qc5 {[%emt 0:00:30]} b6 {[%emt 0:00:30]} 30. Qc2 {[%emt 0:00:30]} f4 {[%emt 0:00:30]} 31. Nxf4 {[%emt 0:00:30]} Nf5 {[%emt 0:00:30]} 32. Kf1 {[%emt 0:00:30]} Nxh4 {[%emt 0:00:30]} 33. Ke2 {[%emt 0:00:30]} Nf5 {[%emt 0:00:30]} 34. Qd3 {[%emt 0:00:30]} h4 {[%emt 0:00:30]} 35. Nh3 Nxd4+ {[%emt 0:00:30]} 36. Bxd4 {[%emt 0:01:00]} Qxh3 {[%emt 0:00:30]} 37. Bxg7 {[%emt 0:00:30]} Kxg7 {[%emt 0:00:30]} 38. Qd4+ {[%emt 0:00:30]} Kh7 {[%emt 0:00:30]} 39. Kd2 {[%emt 0:00:30]} Qxf3 {[%emt 0:00:30]} 40. Qxh4+ {[%emt 0:00:30]} Kg7 {[%emt 0:00:30]} 41. Qd4+ {[%emt 0:15:30]} f6 {[%emt 0:15:30]} 42. Kc1 {[%emt 0:00:30]} Qe4 {[%emt 0:00:30]} 43. Qd2 {[%emt 0:00:30]} g5 {[%emt 0:00:30]} 44. Kb2 {[%emt 0:00:30]} a5 {[%emt 0:00:30]} 45. Kc1 {[%emt 0:00:30]} Kg6 46. Kb2 {[%emt 0:00:30]} Kf5 {[%emt 0:01:00]} 47. Kc1 {[%emt 0:00:30]} Qf4 {[%emt 0:00:30]} 0-1

[Event "Romanian-ch Women 2022"]
[Site "Eforie Nord"]
[Date "2022.02.27"]
[Round "9.9"]
[White "Bucur, Denisa-Andreea"]
[Black "Trifoi, Mihaela-Ioana"]
[Result "1/2-1/2"]
[WhiteElo "2023"]
[BlackElo "1893"]
[Annotator "ChessBase"]
[PlyCount "134"]
[EventDate "2022.02.20"]
[EventType "swiss"]
[EventCountry "ROU"]
[SourceTitle "playchess.com"]
[Source "ChessBase"]
[SourceQuality "1"]
[TimeControl "40/5400+30:900+30"]

1. d4 {[%emt 0:00:17]} d5 {[%emt 0:00:18]} 2. c4 {[%emt 0:00:07]} e6 {[%emt 0:00:05]} 3. Nc3 {[%emt 0:00:06]} Nf6 {[%emt 0:00:06]} 4. Nf3 {[%emt 0:00:27]} Be7 {[%emt 0:01:29]} 5. Bf4 {[%emt 0:00:29]} O-O {[%emt 0:02:27]} 6. e3 {[%emt 0:00:15]} c6 {[%emt 0:12:17]} 7. Qc2 {[%emt 0:00:16]} Nbd7 {[%emt 0:01:04]} 8. cxd5 {[%emt 0:02:23]} exd5 {[%emt 0:00:17]} 9. Bd3 {[%emt 0:00:40]} Re8 {[%emt 0:01:26]} 10. O-O {[%emt 0:01:55]} Nf8 {[%emt 0:00:20]} 11. h3 {[%emt 0:00:11]} Ng6 {[%emt 0:01:40]} 12. Bh2 {[%emt 0:00:26]} Bd6 {[%emt 0:00:32]} 13. Bxd6 {[%emt 0:02:29]} Qxd6 {[%emt 0:00:04]} 14. Rab1 {[%emt 0:00:09]} Be6 {[%emt 0:01:31]} 15. b4 {[%emt 0:01:13]} a6 {[%emt 0:00:34]} 16. Na4 {[%emt 0:05:17]} Ne4 {[%emt 0:03:42]} 17. Nc5 {[%emt 0:04:09]} Qe7 {[%emt 0:00:45]} 18. a4 {[%emt 0:10:13]} Bc8 {[%emt 0:04:14]} 19. b5 {[%emt 0:06:06]} cxb5 {[%emt 0:12:06]} 20. axb5 {[%emt 0:00:15]} Ng5 {[%emt 0:00:15]} 21. Nxg5 {[%emt 0:08:51]} Qxg5 {[%emt 0:00:07]} 22. Kh2 {[%emt 0:02:40]} Qh5 {[%emt 0:11:43]} 23. Qd1 {[%emt 0:17:36]} Qxd1 {[%emt 0:06:29]} 24. Rfxd1 {[%emt 0:00:36]} axb5 {[%emt 0:00:55]} 25. Bxb5 {[%emt 0:08:58]} Re7 {[%emt 0:04:24]} 26. Ra1 {[%emt 0:02:45]} Rb8 {[%emt 0:00:56]} 27. Rdc1 {[%emt 0:01:52]} b6 {[%emt 0:01:52]} 28. Na6 {[%emt 0:02:51]} Bxa6 {[%emt 0:08:45]} 29. Rxa6 {[%emt 0:00:08]} Re6 {[%emt 0:02:35]} 30. Rc7 {[%emt 0:02:01]} Re7 {[%emt 0:01:58]} 31. Raa7 {[%emt 0:04:47]} Rxc7 {[%emt 0:02:25]} 32. Rxc7 {[%emt 0:00:02]} Kf8 {[%emt 0:00:18]} 33. Kg3 {[%emt 0:00:31]} Ne7 {[%emt 0:00:09]} 34. h4 {[%emt 0:00:41]} f6 {[%emt 0:01:38]} 35. Kf4 {[%emt 0:02:02]} Kf7 {[%emt 0:06:36]} 36. g4 {[%emt 0:02:54]} Ke6 {[%emt 0:01:27]} 37. f3 {[%emt 0:05:00]} f5 {[%emt 0:03:38]} 38. Ra7 {[%emt 0:02:01]} fxg4 {[%emt 0:03:12]} 39. Kxg4 {[%emt 0:00:09]} Rd8 {[%emt 0:00:34]} 40. Rb7 {[%emt 0:00:00]} Rd6 {[%emt 0:00:00]} 41. h5 {[%emt 0:04:16]} Kf6 {[%emt 0:03:05]} 42. Bd3 {[%emt 0:01:47]} h6 {[%emt 0:01:45]} 43. Rb8 {[%emt 0:00:19]} Kf7 {[%emt 0:01:07]} 44. Bb5 {[%emt 0:00:59]} g6 {[%emt 0:05:06]} 45. Be8+ {[%emt 0:00:37]} Kg7 {[%emt 0:00:26]} 46. hxg6 {[%emt 0:02:18]} Nxg6 {[%emt 0:00:08]} 47. Rb7+ {[%emt 0:01:14]} Kg8 {[%emt 0:04:36]} 48. Bf7+ {[%emt 0:03:03]} Kf8 {[%emt 0:00:59]} 49. Bxg6 {[%emt 0:00:39]} Rxg6+ {[%emt 0:00:07]} 50. Kf5 {[%emt 0:00:06]} Rg3 {[%emt 0:01:57]} 51. Kf4 {[%emt 0:01:03]} Rg6 {[%emt 0:00:12]} 52. Ke5 {[%emt 0:01:33]} Rg5+ {[%emt 0:01:54]} 53. Kf6 {[%emt 0:00:33]} Kg8 {[%emt 0:00:32]} 54. Rxb6 {[%emt 0:03:36]} Rg3 {[%emt 0:00:18]} 55. Ke5 {[%emt 0:01:04]} Rxf3 {[%emt 0:00:09]} 56. Rxh6 {[%emt 0:00:06]} Rxe3+ {[%emt 0:00:03]} 57. Kxd5 {[%emt 0:00:06]} Kf7 {[%emt 0:00:14]} 58. Kd6 {[%emt 0:01:16]} Ra3 {[%emt 0:00:11]} 59. Rh7+ {[%emt 0:00:52]} Ke8 {[%emt 0:00:07]} 60. d5 {[%emt 0:00:59]} Ra6+ {[%emt 0:00:20]} 61. Ke5 {[%emt 0:00:12]} Kd8 {[%emt 0:00:16]} 62. Rg7 {[%emt 0:01:54]} Rb6 {[%emt 0:00:48]} 63. d6 {[%emt 0:01:59]} Rb1 {[%emt 0:00:11]} 64. Ke6 {[%emt 0:00:58]} Re1+ {[%emt 0:00:07]} 65. Kd5 {[%emt 0:00:01]} Rd1+ {[%emt 0:00:09]} 66. Ke6 {[%emt 0:00:04]} Re1+ {[%emt 0:00:06]} 67. Kd5 {[%emt 0:00:02]} Rd1+ {[%emt 0:00:05]} 1/2-1/2

[Event "Romanian-ch Women 2022"]
[Site "Eforie Nord"]
[Date "2022.02.27"]
[Round "9.10"]
[White "Obada, Ema"]
[Black "Batagan, Ilinca-Petra"]
[Result "1-0"]
[WhiteElo "2010"]
[BlackElo "1881"]
[Annotator "NA"]
[PlyCount "91"]
[EventDate "2022.02.20"]
[EventType "swiss"]
[EventCountry "ROU"]
[SourceTitle "playchess.com"]
[Source "ChessBase"]
[SourceQuality "1"]
[TimeControl "40/5400+30:900+30"]

1. e4 {[%emt 0:00:02]} c5 {[%emt 0:00:10]} 2. Nf3 {[%emt 0:00:06]} d6 {[%emt 0:00:15]} 3. Bb5+ {[%emt 0:00:06]} Bd7 {[%emt 0:00:36]} 4. Bxd7+ {[%emt 0:00:06]} Qxd7 {[%emt 0:00:05]} 5. c4 {[%emt 0:00:06]} Nf6 {[%emt 0:00:38]} 6. Nc3 {[%emt 0:00:07]} g6 {[%emt 0:00:11]} 7. d4 {[%emt 0:02:09]} cxd4 {[%emt 0:00:15]} 8. Nxd4 {[%emt 0:00:06]} Bg7 {[%emt 0:00:05]} 9. f3 {[%emt 0:00:38]} O-O {[%emt 0:00:40]} 10. Be3 {[%emt 0:00:26]} Rc8 {[%emt 0:03:31]} 11. b3 {[%emt 0:02:52]} a6 {[%emt 0:01:33]} 12. Rc1 {[%emt 0:03:15]} Nc6 {[%emt 0:01:56]} 13. Na4 {[%emt 0:11:18]} Qd8 {[%emt 0:02:03]} 14. Ne2 {[%emt 0:03:22]} Nd7 {[%emt 0:02:03]} 15. O-O {[%emt 0:09:27]} b5 {[%emt 0:02:41]} 16. cxb5 {[%emt 0:00:15]} axb5 {[%emt 0:00:07]} 17. Nac3 {[%emt 0:00:05]} Rab8 {[%emt 0:06:25]} 18. Qd2 {[%emt 0:01:21]} Nc5 {[%emt 0:05:58]} 19. Rfd1 {[%emt 0:01:58]} Ne5 {[%emt 0:06:51]} 20. Nd5 {[%emt 0:07:48]} Ned3 {[%emt 0:10:19]} 21. Rc2 {[%emt 0:00:55]} e6 {[%emt 0:02:51]} 22. Ndf4 {[%emt 0:05:27]} Nxf4 {[%emt 0:02:02]} 23. Nxf4 {[%emt 0:01:22]} Nb7 {[%emt 0:06:34]} 24. Rxc8 {[%emt 0:05:16]} Rxc8 {[%emt 0:02:08]} 25. Ne2 {[%emt 0:04:16]} Qe8 {[%emt 0:07:12]} 26. Kf2 {[%emt 0:04:25]} Qc6 {[%emt 0:06:30]} 27. Rc1 {[%emt 0:02:31]} Qd7 {[%emt 0:00:20]} 28. Rxc8+ {[%emt 0:00:16]} Qxc8 {[%emt 0:00:02]} 29. Qb4 {[%emt 0:00:22]} Qc6 {[%emt 0:01:43]} 30. a4 {[%emt 0:01:50]} bxa4 {[%emt 0:00:45]} 31. Qxa4 {[%emt 0:01:15]} Qc8 {[%emt 0:04:38]} 32. b4 {[%emt 0:01:00]} h5 {[%emt 0:07:26]} 33. Qa6 {[%emt 0:01:02]} Kh7 {[%emt 0:00:47]} 34. b5 {[%emt 0:00:58]} Qc7 {[%emt 0:05:10]} 35. Qc6 {[%emt 0:00:57]} Qb8 {[%emt 0:01:37]} 36. b6 {[%emt 0:01:06]} Qa8 {[%emt 0:04:42]} 37. Bg5 {[%emt 0:07:15]} Qa5 {[%emt 0:04:55]} 38. Qxb7 {[%emt 0:04:02]} Qxg5 {[%emt 0:00:05]} 39. Qxf7 {[%emt 0:00:41]} Qc5+ {[%emt 0:00:21]} 40. Kg3 {[%emt 0:00:00]} Qe5+ {[%emt 0:00:00]} 41. Kh3 {[%emt 0:02:21]} d5 {[%emt 0:04:30]} 42. Nf4 {[%emt 0:02:40]} d4 {[%emt 0:03:08]} 43. Nxe6 {[%emt 0:03:19]} Qf6 {[%emt 0:01:06]} 44. Qxf6 {[%emt 0:00:11]} Bxf6 {[%emt 0:00:02]} 45. b7 {[%emt 0:00:09]} Be5 {[%emt 0:00:09]} 46. Nxd4 {[%emt 0:00:04]} 1-0